| 000 | 00939nam a2200289Ia 4500 | ||
|---|---|---|---|
| 001 | Para_2215 | ||
| 003 | CHAP | ||
| 008 | 220125s1941 xx 000 0 und d | ||
| 010 | _a200798 | ||
| 040 | _cCHAP | ||
| 082 | _aPA-C 634 N4 1933 | ||
| 100 |
_aSouthwick, Lawrence _9165636 |
||
| 245 |
_aSpraying to control preharvest drop of apples / _c by Lawrence Southwick and J.K. Shaw |
||
| 260 |
_aAmherst, Mass. : _b Massachusetts Agricultural Experiment Station |
||
| 300 | _a16 p. | ||
| 440 |
_aBulletin; 381 _9165637 |
||
| 500 | _aEncuadernado con: Orchard insects of the pacific northwest and their control / by E.J. Newcomer | ||
| 650 |
_aManzana _x fumigación _x Massachusett, USA _9165638 |
||
| 700 |
_aShaw, J.K. _9165639 |
||
| 901 | _aPA-C 634 N4 1933 | ||
| 902 | _aA | ||
| 905 | _a0000001941 a 0000000000 00 | ||
| 910 | _a1941 | ||
| 942 | _cPARA | ||
| 942 |
_cPARA _d1 |
||
| 999 |
_c200798 _d200798 |
||